000 00487nam a2200169Ia 4500
008 090711s9999 xx 000 0 und d
082 _b77417
100 _aसरदेसाई गो. बा.
245 _aरक्तभिसरण
260 _c1994
300 _a70
600 _aसरदेसाई गो. बा.
630 _aरक्तभिसरण
700 _aसरदेसाई गो. बा.
730 _aरक्तभिसरण
942 _cBOOK
999 _c309622
_d309622